000 00571cam a2200217ua 4500
001 11846
005 20260515114815.0
008 191113n ii |||gr||||Z||||||eng
020 _a9788183335461
040 _cMAIN
082 _a004
100 _aKhushboo Saxena,
_eAuthor.
245 _aData mining and warehousing
_cBy Khushboo Saxena
250 _a1st ed.
260 _aNew Delhi:
_bBpb publications,
_c2015.
300 _a121p.
653 _aData processing & computer science
700 _aSandeep Saxena,
_eAuthor.,
700 _aAkash Saxena.
942 _cBK
999 _c10628
_d10628